[Event "Sombor open – Memorijal Dragana Milicevi"]
[Site "Sombor"]
[Date "2024.11.15"]
[Round "4.2"]
[White "Novakovic, Aleksandar"]
[Black "Radovic, Perisa"]
[Result "0-1"]
[WhiteElo "1963"]
[BlackElo "1975"]
[PlyCount "180"]
[EventDate "2024.11.08"]

1. e4 d6 2. d4 g6 3. Nc3 Bg7 4. f4 Nd7 5. Bc4 e6 6. Nge2 Ne7 7. O-O O-O 8. Ng3
d5 9. Bb3 dxe4 10. Ncxe4 Nb6 11. c3 Bd7 12. Nc5 Bc6 13. Qe2 Nbd5 14. Bd2 b6 15.
Nce4 Nf5 16. Rae1 a5 17. Ng5 Qd7 18. Nf3 a4 19. Bc2 Bb7 20. Nxf5 gxf5 21. Ne5
Qc8 22. Qh5 Nf6 23. Qh4 Be4 24. Bxe4 Nxe4 25. Be3 a3 26. bxa3 Rxa3 27. Nc6 Qe8
28. Bc1 Rxc3 29. Ne7+ Kh8 30. Rxe4 fxe4 31. f5 exf5 32. Nxf5 Qc6 33. Bg5 Qg6
34. Nxg7 Kxg7 35. Rf6 Rc1+ 36. Kf2 e3+ 37. Kg3 e2 38. Rxg6+ fxg6 39. Qh6+ Kg8
40. Bd2 e1=Q+ 41. Bxe1 Rxe1 42. Qd2 Rfe8 43. Qg5 Kg7 44. Qf4 R8e7 45. h3 R1e4
46. Qd2 Rd7 47. d5 Ree7 48. Qd4+ Kg8 49. Qc4 Rd6 50. Kf4 Red7 51. Kg5 Rxd5+ 52.
Kh6 Kf7 53. g4 Ke6 54. Qc6+ Ke5 55. Qc3+ Kd6 56. Qc4 c5 57. a4 Rd4 58. Qa6 Kd5
59. Qxb6 Rxa4 60. Qb3+ Rc4 61. Qf3+ Kd6 62. Qf6+ Kc7 63. Qe5+ Kb7 64. Kg5 Rcd4
65. Kh6 Kb6 66. Qb8+ Ka5 67. Qb3 Rd3 68. Qa2+ Kb4 69. h4 c4 70. Kg5 c3 71. Qb1+
Kc5 72. Qc2 Kd4 73. Qa4+ Ke3 74. Qf4+ Ke2 75. Qh2+ Kd1 76. Qh1+ Kc2 77. Qe4 Kc1
78. Qf4+ Rd2 79. Qb4 c2 80. Qa3+ Kd1 81. Qf3+ Ke1 82. Qh1+ Kf2 83. Qh2+ Ke3 84.
Qf4+ Kd3 85. Qf3+ Kd4 86. Qf6+ Kd5 87. Qf3+ Kc4 88. Qf1+ R2d3 89. Qf4+ R7d4 90.
Qf7+ Kc3 0-1

[Event "Sombor open – Memorijal Dragana Milicevi"]
[Site "Sombor"]
[Date "2024.11.15"]
[Round "4.4"]
[White "Beslin, Igor"]
[Black "Knezevic, Janko"]
[Result "0-1"]
[WhiteElo "1934"]
[BlackElo "1870"]
[PlyCount "96"]
[EventDate "2024.11.08"]

1. e4 c5 2. Nf3 d6 3. d4 cxd4 4. Nxd4 Nf6 5. Nc3 a6 6. Be2 e6 7. O-O Be7 8. a4
Nc6 9. Be3 O-O 10. f4 Bd7 11. Nb3 b6 12. Bf3 Ne8 13. g4 Bf6 14. g5 Bxc3 15.
bxc3 g6 16. Kg2 Ne7 17. h4 d5 18. Nd4 Qc7 19. Bd2 Nd6 20. exd5 exd5 21. Qe2
Ndf5 22. Nxf5 Nxf5 23. Bxd5 Bc6 24. c4 Rfe8 25. Qd3 Rad8 26. h5 b5 27. axb5
Bxd5+ 28. cxd5 Qc5 29. hxg6 Nh4+ 30. Kh3 Nxg6 31. Rae1 Rxe1 32. Rxe1 Qf2 33.
Rf1 Qh4+ 34. Kg2 Qg4+ 35. Qg3 Qe2+ 36. Rf2 Qe4+ 37. Kh2 axb5 38. f5 Ne5 39. Qf4
Ng4+ 40. Kg3 Nxf2 41. Qxf2 Rxd5 42. f6 Qxc2 43. Qe1 Qd3+ 44. Kg4 Qf5+ 45. Kg3
Rd3+ 46. Kg2 Qg4+ 47. Kf1 Rf3+ 48. Ke2 Rg3+ 0-1

[Event "Sombor open – Memorijal Dragana Milicevi"]
[Site "Sombor"]
[Date "2024.11.15"]
[Round "4.5"]
[White "Pek, Istvan"]
[Black "Sasic, Miodrag"]
[Result "1-0"]
[WhiteElo "1875"]
[BlackElo "1767"]
[PlyCount "130"]
[EventDate "2024.11.08"]

1. Nf3 d5 2. d4 Nd7 3. e3 Ngf6 4. c4 c5 5. cxd5 cxd4 6. Qxd4 Qa5+ 7. Nc3 a6 8.
e4 e5 9. dxe6 fxe6 10. Bc4 Bc5 11. Qd3 Ng4 12. O-O Nde5 13. Nxe5 Nxe5 14. Qe2
O-O 15. Bb3 Kh8 16. Be3 Ng6 17. g3 Be7 18. f4 b5 19. Rad1 b4 20. Nb1 Bc5 21.
Rc1 Bxe3+ 22. Qxe3 Qh5 23. Qf3 Qxf3 24. Rxf3 Ne5 25. Re3 Ng4 26. Rd3 e5 27. Bd5
Rb8 28. f5 a5 29. Nd2 Ba6 30. Bc4 Rbc8 31. b3 Nf6 32. Re1 Bb7 33. h3 h5 34. Kh2
Rfd8 35. Ree3 Kh7 36. Kg1 Kh6 37. Kf2 g6 38. Rxd8 Rxd8 39. Ke2 Rd4 40. Bd3 gxf5
41. exf5 Nd5 42. Rxe5 Nc3+ 43. Ke3 Rd7 44. Nc4 Nxa2 45. Nxa5 Bg2 46. h4 Nc3 47.
Be2 Nd1+ 48. Bxd1 Rxd1 49. Nc4 Rb1 50. Kf2 Bh3 51. Nd2 Rd1 52. Nf3 Rf1+ 53. Ke3
Rb1 54. Nd2 Rc1 55. Rb5 Rc3+ 56. Kf4 Rd3 57. Ne4 Rxb3 58. Rb7 Bg4 59. Rb6+ Kg7
60. Kg5 Rf3 61. Rb7+ Kf8 62. Nd6 Rxg3 63. Kf6 Kg8 64. Rb8+ Kh7 65. Nf7 Bxf5 1-0

[Event "Sombor open – Memorijal Dragana Milicevi"]
[Site "Sombor"]
[Date "2024.11.15"]
[Round "4.6"]
[White "Vujnovic, Igor"]
[Black "Stefanac, Marko"]
[Result "1-0"]
[WhiteElo "1840"]
[BlackElo "1894"]
[PlyCount "82"]
[EventDate "2024.11.08"]

1. e4 e5 2. Bc4 Nc6 3. Nc3 Bc5 4. Qg4 g6 5. Qf3 Nf6 6. Nge2 Na5 7. d3 Nxc4 8.
dxc4 Nh5 9. g4 Ng7 10. Nd5 Be7 11. Bh6 Ne6 12. Nxe7 Qxe7 13. h4 b6 14. O-O-O
Bb7 15. Nc3 c6 16. Be3 O-O-O 17. Qg3 f6 18. g5 d6 19. Rd2 Rhf8 20. gxf6 Qxf6
21. Rhd1 Kc7 22. b4 Nf4 23. c5 dxc5 24. Rxd8 Rxd8 25. Rxd8 Kxd8 26. bxc5 b5 27.
Bxf4 exf4 28. Qg5 Ke7 29. Kd2 Qxg5 30. hxg5 Ke6 31. f3 Ke5 32. a3 a5 33. Nd1
Ba6 34. Nf2 b4 35. axb4 axb4 36. Nd3+ Kd4 37. Nxb4 Bb5 38. Nd3 Bxd3 39. cxd3
Kxc5 40. Kc3 Kd6 41. Kc4 c5 1-0

[Event "Sombor open – Memorijal Dragana Milicevi"]
[Site "Sombor"]
[Date "2024.11.15"]
[Round "4.8"]
[White "Kovacic, Borislav Z"]
[Black "Stojkovic, Andreja"]
[Result "0-1"]
[WhiteElo "1659"]
[BlackElo "1881"]
[PlyCount "41"]
[EventDate "2024.11.08"]

1. c4 c5 2. Nc3 g6 3. e3 Bg7 4. d4 cxd4 5. exd4 Nf6 6. Be3 O-O 7. Be2 d6 8. Nf3
Ng4 9. O-O Nxe3 10. fxe3 Nc6 11. a3 Bh6 12. Nd5 e6 13. Nf4 Ne7 14. Bd3 Qc7 15.
Nd2 e5 16. Nh5 Bxe3+ 17. Kh1 f5 18. dxe5 dxe5 19. c5 Bg5 20. Bc4+ Kh8 21. Ne4
0-1

[Event "Sombor open – Memorijal Dragana Milicevi"]
[Site "Sombor"]
[Date "2024.11.15"]
[Round "4.11"]
[White "Loncar, Jovan"]
[Black "Basaric, Ana"]
[Result "1/2-1/2"]
[WhiteElo "1524"]
[BlackElo "1548"]
[PlyCount "48"]
[EventDate "2024.11.08"]

1. f4 f5 2. Nf3 Nf6 3. b3 b6 4. Bb2 Bb7 5. e3 e6 6. Nc3 Nc6 7. Bb5 Bb4 8. Bxc6
Bxc6 9. Ne5 Bb7 10. a3 Bxc3 11. Bxc3 Qe7 12. Bb2 Bxg2 13. Rg1 Bb7 14. Qe2 O-O-O
15. O-O-O Rhg8 16. Nf3 h6 17. Rdf1 Rdf8 18. Qc4 Nd5 19. h4 Nf6 20. Ne5 Qd8 21.
Ng6 Re8 22. a4 d6 23. Bc3 a6 24. Bd4 Kb8 1/2-1/2

[Event "Sombor open – Memorijal Dragana Milicevi"]
[Site "Sombor"]
[Date "2024.11.18"]
[Round "5.1"]
[White "Travica, Robert"]
[Black "Kurcubic, Drago"]
[Result "0-1"]
[WhiteElo "2038"]
[BlackElo "2117"]
[PlyCount "90"]
[EventDate "2024.11.08"]

1. e4 c6 2. d4 d5 3. Nd2 dxe4 4. Nxe4 Nd7 5. Bd3 Ndf6 6. Ng5 Bg4 7. N1f3 Qc7 8.
h3 Bxf3 9. Nxf3 e6 10. Qe2 Ne7 11. Bd2 Ng6 12. g3 Bd6 13. O-O-O O-O-O 14. c4 c5
15. Kb1 Qb6 16. Rc1 Rhe8 17. Be3 Kb8 18. Rhd1 Ka8 19. Ng5 cxd4 20. Bxg6 hxg6
21. Nxf7 e5 22. Nxd8 Rxd8 23. f4 Ba3 24. c5 Bxc5 25. fxe5 Ne4 26. Bxd4 Bxd4 27.
Qc2 a6 28. Re1 Nc3+ 29. Ka1 Na4 30. Rb1 Qb4 31. Rec1 Bxe5 32. g4 Rd2 33. Qc8+
Ka7 34. Rc2 Nxb2 35. Qc5+ Qxc5 36. Rxc5 Nd3+ 37. Rxe5 Nxe5 38. Re1 Nc4 39. a4
Rh2 40. Re6 Rxh3 41. Rxg6 Ra3+ 42. Kb1 Rxa4 43. Rxg7 Ne5 44. g5 Rg4 45. Rg8 Rg2
0-1

[Event "Sombor open – Memorijal Dragana Milicevi"]
[Site "Sombor"]
[Date "2024.11.18"]
[Round "5.2"]
[White "Radovic, Perisa"]
[Black "Mandaric, Petar"]
[Result "1-0"]
[WhiteElo "1975"]
[BlackElo "1851"]
[PlyCount "70"]
[EventDate "2024.11.08"]

1. e4 e5 2. d4 exd4 3. Qxd4 Nc6 4. Qe3 Nf6 5. Nc3 g6 6. Bd2 Bg7 7. Bc4 Na5 8.
Bd3 O-O 9. O-O-O d5 10. Qg3 Nc4 11. Bxc4 dxc4 12. Bg5 Qe8 13. Qh4 Qe6 14. Nf3
Qb6 15. h3 Re8 16. e5 Nd7 17. Nd5 Qa5 18. a3 c3 19. Nxc3 Nxe5 20. Nxe5 Bxe5 21.
Rd5 Qb6 22. Bd2 Bf5 23. Rxe5 Rxe5 24. f4 Re6 25. g4 Be4 26. Rd1 Qc6 27. f5 gxf5
28. gxf5 Bxf5 29. Qg5+ Bg6 30. Rg1 Rae8 31. h4 Re5 32. Qh6 Rh5 33. Qxh5 Kh8 34.
Qd5 Qb6 35. Qg5 Kg7 1-0

[Event "Sombor open – Memorijal Dragana Milicevi"]
[Site "Sombor"]
[Date "2024.11.18"]
[Round "5.3"]
[White "Knezevic, Janko"]
[Black "Vujnovic, Igor"]
[Result "1-0"]
[WhiteElo "1870"]
[BlackElo "1840"]
[PlyCount "65"]
[EventDate "2024.11.08"]

1. e4 e6 2. d4 d5 3. Nd2 dxe4 4. Nxe4 Nd7 5. Nf3 Ngf6 6. Bg5 Be7 7. Bd3 Nxe4 8.
Bxe7 Qxe7 9. Bxe4 Nf6 10. Bd3 O-O 11. O-O c5 12. dxc5 Qxc5 13. Re1 b6 14. Re5
Qc7 15. Qe2 Bb7 16. Re1 Rad8 17. h3 Rd5 18. Qe3 Rfd8 19. Qg5 Rxe5 20. Nxe5 h6
21. Qg3 Qd6 22. Qe3 Qd5 23. Qg3 Qxa2 24. Nxf7 Kxf7 25. Bg6+ Ke7 26. Bf5 Bd5 27.
Qxg7+ Kd6 28. Qxf6 Rg8 29. g3 Re8 30. Qe5+ Kd7 31. Bg6 Re7 32. b3 b5 33. Ra1
1-0

[Event "Sombor open – Memorijal Dragana Milicevi"]
[Site "Sombor"]
[Date "2024.11.18"]
[Round "5.4"]
[White "Kelic, Dusan"]
[Black "Pek, Istvan"]
[Result "0-1"]
[WhiteElo "1666"]
[BlackElo "1875"]
[PlyCount "62"]
[EventDate "2024.11.08"]

1. e4 c5 2. Nf3 d6 3. d4 cxd4 4. Qxd4 Nc6 5. Bb5 Bd7 6. Qd1 g6 7. Nc3 Bg7 8.
O-O Nf6 9. h3 O-O 10. a3 a6 11. Bd3 b5 12. Rb1 Rc8 13. b4 Nxb4 14. Bxb5 axb5
15. e5 dxe5 16. Rxb4 Rxc3 17. Nxe5 Rc5 18. Bb2 Qc8 19. Nxd7 Qxd7 20. Qe2 e6 21.
Rd1 Qc6 22. Rc1 Rc8 23. Rd4 Nd5 24. Rcd1 Rxc2 25. R4d2 Bxb2 26. Rxc2 Qxc2 27.
Rd2 Qb1+ 28. Kh2 Bxa3 29. Ra2 Bd6+ 30. g3 Nc3 31. Qb2 Qxa2 0-1

[Event "Sombor open – Memorijal Dragana Milicevi"]
[Site "Sombor"]
[Date "2024.11.18"]
[Round "5.6"]
[White "Sasic, Miodrag"]
[Black "Beslin, Igor"]
[Result "0-1"]
[WhiteElo "1767"]
[BlackElo "1934"]
[PlyCount "76"]
[EventDate "2024.11.08"]

1. e4 c5 2. Nf3 d6 3. d4 cxd4 4. Nxd4 Nf6 5. Nc3 a6 6. Be2 e5 7. Nb3 Be7 8. Be3
O-O 9. Qd2 Ng4 10. Bxg4 Bxg4 11. h3 Be6 12. Nd5 Bxd5 13. Qxd5 Nc6 14. c3 Rc8
15. Rd1 b5 16. a3 Qc7 17. O-O Rcd8 18. f4 Bf6 19. f5 Ne7 20. Qd2 d5 21. Bc5
dxe4 22. Qe2 Rxd1 23. Rxd1 Rd8 24. Rf1 Qc6 25. Bxe7 Bxe7 26. Nd2 Bc5+ 27. Kh2
e3 28. Nb3 Bb6 29. Qh5 Qc4 30. Re1 Qxb3 31. f6 Qc2 32. fxg7 Qf2 33. Re2 Qf4+
34. g3 Qe4 35. Qh4 Qxh4 36. gxh4 Rd2 37. Rg2 Rxg2+ 38. Kxg2 e2 0-1

[Event "Sombor open – Memorijal Dragana Milicevi"]
[Site "Sombor"]
[Date "2024.11.18"]
[Round "5.7"]
[White "Stojkovic, Andreja"]
[Black "Gajcin, Sinisa"]
[Result "1-0"]
[WhiteElo "1881"]
[BlackElo "1813"]
[PlyCount "46"]
[EventDate "2024.11.08"]

1. e4 c5 2. Nf3 g6 3. d4 cxd4 4. Nxd4 Bg7 5. Nc3 Nc6 6. Be3 Nf6 7. f3 O-O 8.
Qd2 d5 9. O-O-O dxe4 10. Nxc6 Qxd2+ 11. Rxd2 bxc6 12. Nxe4 Bf5 13. Nxf6+ Bxf6
14. Bc4 h5 15. Rhd1 Rab8 16. b3 Bc3 17. Rf2 a5 18. Bd4 Bb4 19. g4 hxg4 20. fxg4
Be6 21. Bxe6 fxe6 22. c3 Bd6 23. Re1 c5 1-0

[Event "Sombor open – Memorijal Dragana Milicevi"]
[Site "Sombor"]
[Date "2024.11.18"]
[Round "5.8"]
[White "Zakula, Budimir"]
[Black "Loncar, Jovan"]
[Result "1/2-1/2"]
[WhiteElo "1836"]
[BlackElo "1524"]
[PlyCount "49"]
[EventDate "2024.11.08"]

1. e4 d6 2. d4 Nf6 3. Nc3 g6 4. f3 Bg7 5. Be3 O-O 6. Qd2 c6 7. h4 b5 8. Bh6 e5
9. Bxg7 Kxg7 10. g4 h5 11. O-O-O Nbd7 12. Be2 b4 13. Na4 Qa5 14. b3 Nb6 15. c3
bxc3 16. Qxc3 Qxc3+ 17. Nxc3 hxg4 18. fxg4 Bxg4 19. Nf3 Rfe8 20. dxe5 dxe5 21.
Ng5 Bh5 22. Rdf1 Re7 23. Rf2 Rf8 24. Rhf1 Bxe2 25. Nxe2 1/2-1/2

[Event "Sombor open – Memorijal Dragana Milicevi"]
[Site "Sombor"]
[Date "2024.11.18"]
[Round "5.9"]
[White "Stefanac, Marko"]
[Black "Djurosev, Djordje"]
[Result "1/2-1/2"]
[WhiteElo "1894"]
[BlackElo "1647"]
[PlyCount "46"]
[EventDate "2024.11.08"]

1. e4 c6 2. d4 d5 3. e5 Bf5 4. Bd3 Bxd3 5. Qxd3 e6 6. Ne2 c5 7. c4 dxc4 8. Qxc4
Nc6 9. Be3 cxd4 10. Bxd4 Bb4+ 11. Nbc3 Nge7 12. O-O Bxc3 13. Bxc3 O-O 14. Qg4
Qc7 15. f4 Nf5 16. Rf3 Qb6+ 17. Kh1 Rad8 18. h4 Rd5 19. Ng3 Rfd8 20. Ne4 Rd1+
21. Rf1 Rxf1+ 22. Rxf1 Ne3 23. Nf6+ Kh8 1/2-1/2

[Event "Sombor open – Memorijal Dragana Milicevi"]
[Site "Sombor"]
[Date "2024.11.18"]
[Round "5.10"]
[White "Kokai, Lea"]
[Black "Delija, Dragan"]
[Result "0-1"]
[WhiteElo "1613"]
[BlackElo "1885"]
[PlyCount "36"]
[EventDate "2024.11.08"]

1. e4 c6 2. d4 d5 3. Nc3 dxe4 4. Nxe4 Nf6 5. Nxf6+ exf6 6. c3 Bd6 7. Bd3 O-O 8.
Qc2 Re8+ 9. Ne2 h6 10. Be3 Nd7 11. O-O-O b5 12. Qb3 Nb6 13. c4 Be6 14. Qc2 Nxc4
15. b3 Ba3+ 16. Kb1 Nb2 17. Rd2 Nxd3 18. Rxd3 Bf5 0-1

[Event "Sombor open – Memorijal Dragana Milicevi"]
[Site "Sombor"]
[Date "2024.11.20"]
[Round "6.1"]
[White "Kurcubic, Drago"]
[Black "Radovic, Perisa"]
[Result "1/2-1/2"]
[WhiteElo "2117"]
[BlackElo "1975"]
[PlyCount "120"]
[EventDate "2024.11.08"]

1. e4 c5 2. c3 d5 3. exd5 Qxd5 4. d4 cxd4 5. cxd4 Nf6 6. Nc3 Qd8 7. Nf3 e6 8.
Bc4 Be7 9. O-O O-O 10. Re1 Nc6 11. Bg5 Nd5 12. Bxe7 Ncxe7 13. Ne5 b6 14. Qd2
Bb7 15. Rad1 Rc8 16. Bd3 Nxc3 17. bxc3 Ng6 18. Re3 Qg5 19. f4 Qxf4 20. Rf1 Qg5
21. Nxf7 Qxg2+ 22. Qxg2 Bxg2 23. Kxg2 Rxf7 24. Bxg6 hxg6 25. Rc1 Re7 26. Re4 b5
27. Kf3 Rec7 28. Rxe6 Rxc3+ 29. Rxc3 Rxc3+ 30. Kf4 Kf7 31. Ra6 Rc7 32. Ke5 Rd7
33. h4 b4 34. d5 Re7+ 35. Kd4 Rb7 36. Kc4 Rb8 37. Rxa7+ Kf6 38. Ra4 Ke5 39.
Rxb4 Rc8+ 40. Kd3 Kxd5 41. Rb5+ Ke6 42. a4 Rh8 43. Rb4 Rh5 44. Rg4 g5 45. hxg5
Kf5 46. Rb4 Rh3+ 47. Kc4 Kxg5 48. a5 Ra3 49. Kb5 Kf5 50. a6 g5 51. Ra4 Rb3+ 52.
Ka5 Rb8 53. a7 Ra8 54. Kb6 g4 55. Kb7 Rg8 56. a8=Q Rxa8 57. Rxa8 Kf4 58. Kc6 g3
59. Kd5 g2 60. Rg8 Kf3 1/2-1/2

[Event "Sombor open – Memorijal Dragana Milicevi"]
[Site "Sombor"]
[Date "2024.11.20"]
[Round "6.2"]
[White "Pek, Istvan"]
[Black "Knezevic, Janko"]
[Result "0-1"]
[WhiteElo "1875"]
[BlackElo "1870"]
[PlyCount "56"]
[EventDate "2024.11.08"]

1. Nf3 d5 2. d4 Nf6 3. e3 e6 4. Bd3 Nbd7 5. Nbd2 c5 6. b3 cxd4 7. exd4 Bd6 8.
Bb2 O-O 9. O-O Re8 10. Ne5 a6 11. f4 Nf8 12. f5 exf5 13. Bxf5 Bxf5 14. Rxf5 Ng6
15. Ndf3 Qc8 16. Qd3 Ne4 17. g4 f6 18. Nxg6 hxg6 19. Rxd5 Qxg4+ 20. Kf1 Qh3+
21. Kg1 g5 22. Rxd6 Nxd6 23. Qf1 Qg4+ 24. Kh1 Re3 25. Ne1 Rae8 26. Ng2 Re2 27.
Ba3 Ne4 28. Bc5 Nf2+ 0-1

[Event "Sombor open – Memorijal Dragana Milicevi"]
[Site "Sombor"]
[Date "2024.11.20"]
[Round "6.3"]
[White "Novakovic, Aleksandar"]
[Black "Travica, Robert"]
[Result "1-0"]
[WhiteElo "1963"]
[BlackElo "2038"]
[PlyCount "111"]
[EventDate "2024.11.08"]

1. e4 e5 2. Nf3 Nc6 3. Bc4 Bc5 4. c3 Nf6 5. d4 exd4 6. b4 Bb6 7. e5 d5 8. exf6
dxc4 9. b5 O-O 10. O-O Qxf6 11. bxc6 Bg4 12. Bb2 Rad8 13. cxd4 Qxc6 14. Ne5
Bxd1 15. Nxc6 bxc6 16. Rxd1 Rfe8 17. Na3 Re4 18. Nxc4 Bxd4 19. Ne5 c5 20. Nc6
Rd6 21. Nxd4 cxd4 22. Rac1 c6 23. Rc4 Re2 24. Rcxd4 Rxd4 25. Bxd4 Rxa2 26. Bxa7
h5 27. Be3 f6 28. Rc1 Ra6 29. Kf1 Kf7 30. Ke2 Ke6 31. Kd3 g5 32. Kc4 h4 33. h3
Ke5 34. Re1 Kf5 35. Bd4 Ra4+ 36. Kd3 Ra3+ 37. Ke2 Ra4 38. Be3 Ra2+ 39. Kf3 Ra6
40. Rb1 Ra3 41. Rc1 Ra6 42. Rc5+ Kg6 43. Ke4 Ra4+ 44. Kf3 Ra6 45. Kg4 Ra4+ 46.
f4 Ra2 47. fxg5 Rxg2+ 48. Kxh4 Re2 49. Bf4 Re6 50. gxf6 Rxf6 51. Kg4 Re6 52. h4
Rf6 53. h5+ Kh7 54. Kg5 Rh6 55. Rf5 Re6 56. Re5 1-0

[Event "Sombor open – Memorijal Dragana Milicevi"]
[Site "Sombor"]
[Date "2024.11.20"]
[Round "6.4"]
[White "Beslin, Igor"]
[Black "Vujnovic, Igor"]
[Result "1-0"]
[WhiteElo "1934"]
[BlackElo "1840"]
[PlyCount "113"]
[EventDate "2024.11.08"]

1. e4 e6 2. d4 d5 3. Nc3 dxe4 4. Nxe4 Nd7 5. Nf3 Ngf6 6. Nxf6+ Nxf6 7. Bd3 Bd6
8. O-O O-O 9. Bg5 b6 10. Be4 Rb8 11. Qd3 h6 12. Bh4 Bb7 13. Bxb7 Rxb7 14. Qa6
Qc8 15. Bxf6 gxf6 16. Rad1 c6 17. Qe2 Qc7 18. g3 Be7 19. Qe3 Kh7 20. Kh1 Rg8
21. c4 Rd8 22. g4 b5 23. b3 bxc4 24. bxc4 Rb2 25. Rg1 Rg8 26. Rg3 Bd6 27. Rh3
Bf4 28. Qe4+ Kg7 29. d5 cxd5 30. cxd5 Rd8 31. Nd4 Qe5 32. Re1 Qxd5 33. Qxd5
Rxd5 34. Re4 Be5 35. Nc6 Rd1+ 36. Kg2 Rxa2 37. Nxe5 fxe5 38. Rxe5 Rdd2 39. Rf3
a5 40. h4 Rd4 41. Kh3 Raa4 42. Rg3 Rf4 43. f3 Ra3 44. Kg2 Ra2+ 45. Kh3 Ra3 46.
Kg2 Kf6 47. Rh5 Kg6 48. Rc5 a4 49. h5+ Kh7 50. g5 Ra2+ 51. Kh3 a3 52. g6+ Kg7
53. Rc7 Rf5 54. gxf7+ Rg5 55. Rxg5+ hxg5 56. h6+ Kf8 57. h7 1-0

[Event "Sombor open – Memorijal Dragana Milicevi"]
[Site "Sombor"]
[Date "2024.11.20"]
[Round "6.5"]
[White "Mandaric, Petar"]
[Black "Stojkovic, Andreja"]
[Result "1-0"]
[WhiteElo "1851"]
[BlackElo "1881"]
[PlyCount "101"]
[EventDate "2024.11.08"]

1. e4 c5 2. Nf3 Nf6 3. Nc3 Nc6 4. d4 d5 5. exd5 Nxd5 6. Bb5 Nxc3 7. bxc3 Qa5 8.
a4 cxd4 9. Bxc6+ bxc6 10. Qxd4 Ba6 11. Bd2 Qd5 12. Qxd5 cxd5 13. Nd4 e6 14. Nb5
Bxb5 15. axb5 Bc5 16. Be3 Bxe3 17. fxe3 O-O 18. Kd2 Rfb8 19. Rhb1 g5 20. Kd3
Rc8 21. Rb4 h5 22. c4 dxc4+ 23. Rxc4 Rxc4 24. Kxc4 Rc8+ 25. Kb3 Rc7 26. c4 f5
27. Kb4 e5 28. c5 e4 29. b6 axb6 30. cxb6 Rb7 31. Kc5 f4 32. exf4 gxf4 33. Ra7
f3 34. gxf3 exf3 35. Ra2 Re7 36. Rf2 Re2 37. Rxf3 Rxh2 38. Rb3 Rc2+ 39. Kd6
Rd2+ 40. Kc7 Rc2+ 41. Kb8 Kf7 42. b7 Re2 43. Ka7 Re7 44. Ka8 Re8+ 45. b8=Q
Rxb8+ 46. Kxb8 Kg6 47. Rb5 h4 48. Kc7 h3 49. Kd6 h2 50. Rb1 Kg5 51. Rh1 1-0

[Event "Sombor open – Memorijal Dragana Milicevi"]
[Site "Sombor"]
[Date "2024.11.20"]
[Round "6.6"]
[White "Kelic, Dusan"]
[Black "Zakula, Budimir"]
[Result "0-1"]
[WhiteElo "1666"]
[BlackElo "1836"]
[PlyCount "98"]
[EventDate "2024.11.08"]

1. e4 e5 2. Nf3 Nc6 3. Bb5 a6 4. Bxc6 dxc6 5. d4 exd4 6. Qxd4 Qxd4 7. Nxd4 c5
8. Ne2 Bd6 9. Bf4 Be6 10. Nbc3 O-O-O 11. O-O-O b5 12. e5 Be7 13. Rxd8+ Bxd8 14.
Rd1 Ne7 15. Bg5 h6 16. Bxe7 Bxe7 17. a3 Re8 18. Nd5 Bf8 19. Ne3 g5 20. g3 Bd7
21. f4 f6 22. Nd5 fxe5 23. Nf6 Re7 24. Nxd7 Rxd7 25. Rxd7 Kxd7 26. f5 g4 27.
Nc3 Kd6 28. Kd2 h5 29. Kd3 c4+ 30. Ke4 c6 31. Na2 a5 32. b3 cxb3 33. cxb3 Bg7
34. b4 a4 35. Nc3 Bf6 36. Na2 Bd8 37. Nc1 Bb6 38. Nd3 Bd4 39. f6 Ke6 40. f7
Kxf7 41. Nxe5+ Bxe5 42. Kxe5 Ke7 43. Ke4 Ke6 44. Kd4 Kd6 45. Ke4 c5 46. bxc5+
Kxc5 47. Kd3 b4 48. Kc2 bxa3 49. Kc3 Kd5 0-1

[Event "Sombor open – Memorijal Dragana Milicevi"]
[Site "Sombor"]
[Date "2024.11.20"]
[Round "6.8"]
[White "Loncar, Jovan"]
[Black "Stefanac, Marko"]
[Result "0-1"]
[WhiteElo "1524"]
[BlackElo "1894"]
[PlyCount "118"]
[EventDate "2024.11.08"]

1. f4 Nf6 2. Nf3 Nc6 3. b3 d6 4. Bb2 Bg4 5. e3 e5 6. h3 Bxf3 7. Qxf3 e4 8. Qf2
d5 9. Nc3 Nb4 10. O-O-O a6 11. g4 Rg8 12. g5 Nd7 13. h4 Nb6 14. Be2 c5 15. f5
Qc7 16. Rhf1 O-O-O 17. f6 g6 18. Bg4+ Kb8 19. a3 Nc6 20. Ne2 c4 21. b4 a5 22.
b5 Ne5 23. Bxe5 Qxe5 24. Qf4 Bxa3+ 25. Kb1 Bd6 26. Qxe5 Bxe5 27. c3 Kc7 28. Kc2
Na8 29. Ra1 b6 30. Rg1 Kd6 31. Rab1 Nc7 32. Rb2 Ra8 33. Nf4 a4 34. Ra1 Ra5 35.
Rba2 Rga8 36. h5 a3 37. Rf1 Rxb5 38. hxg6 hxg6 39. Rh1 Bxf4 40. exf4 Ne6 41.
Bxe6 Kxe6 42. Rh7 Ra7 43. Rh1 Kf5 44. Rf1 Rba5 45. Rf2 b5 46. Ra1 Rb7 47. Rff1
b4 48. cxb4 Rxb4 49. Rab1 Rab5 50. Rxb4 Rxb4 51. Kc3 Rb3+ 52. Kc2 Rf3 53. Rxf3
exf3 54. Kd1 a2 55. Ke1 a1=Q+ 56. Kf2 Kxf4 57. d4 Qb2+ 58. Kf1 Qe2+ 59. Kg1
Qg2# 0-1

[Event "Sombor open – Memorijal Dragana Milicevi"]
[Site "Sombor"]
[Date "2024.11.20"]
[Round "6.9"]
[White "Delija, Dragan"]
[Black "Kovacic, Borislav Z"]
[Result "1-0"]
[WhiteElo "1885"]
[BlackElo "1659"]
[PlyCount "64"]
[EventDate "2024.11.08"]

1. d4 e6 2. c4 c5 3. e3 Nf6 4. Nf3 Ne4 5. Bd3 d5 6. O-O Be7 7. Nc3 Nf6 8. Qc2
h6 9. Rd1 Qd6 10. Nb5 Qb6 11. a4 Bd7 12. a5 Qd8 13. dxc5 Nc6 14. Bd2 Ne4 15.
Bxe4 dxe4 16. Qxe4 f5 17. Qd3 Bxc5 18. Bc3 Rg8 19. Nd6+ Bxd6 20. Qxd6 Qe7 21.
Qd2 O-O-O 22. b4 a6 23. b5 Na7 24. bxa6 Bc6 25. axb7+ Bxb7 26. Qb2 Rxd1+ 27.
Rxd1 Bxf3 28. gxf3 Nc6 29. Rb1 g5 30. Be5 Nxe5 31. Qb8+ Kd7 32. Qxe5 Qg7 1-0

[Event "Sombor open – Memorijal Dragana Milicevi"]
[Site "Sombor"]
[Date "2024.11.20"]
[Round "6.10"]
[White "Djurosev, Djordje"]
[Black "Basaric, Ana"]
[Result "1-0"]
[WhiteElo "1647"]
[BlackElo "1548"]
[PlyCount "70"]
[EventDate "2024.11.08"]

1. e4 c5 2. c3 Nc6 3. d4 cxd4 4. cxd4 e6 5. Nf3 Nf6 6. Nc3 g6 7. Be3 Bg7 8. Bd3
O-O 9. a3 d5 10. e5 Nd7 11. Qd2 Nb6 12. b3 Na5 13. Bc2 Bd7 14. Ne2 Nc6 15. Ng3
Rc8 16. h4 Ne7 17. h5 Qc7 18. Rc1 Qc3 19. hxg6 Qxd2+ 20. Kxd2 fxg6 21. Ng5 h5
22. Nf3 a5 23. a4 Bc6 24. Nh4 Kh7 25. Nxh5 Nf5 26. Ng3 Kg8 27. Nxg6 Rf7 28.
Nxf5 exf5 29. Rh5 Bd7 30. Nf4 Kf8 31. e6 Bxe6 32. Nxe6+ Kg8 33. Nxg7 Kxg7 34.
Rxf5 Re7 35. Rh5 Ree8 1-0

[Event "Sombor open – Memorijal Dragana Milicevi"]
[Site "Sombor"]
[Date "2024.11.22"]
[Round "7.1"]
[White "Knezevic, Janko"]
[Black "Kurcubic, Drago"]
[Result "1/2-1/2"]
[WhiteElo "1870"]
[BlackElo "2117"]
[PlyCount "30"]
[EventDate "2024.11.08"]

1. e4 c6 2. d4 d5 3. Nd2 dxe4 4. Nxe4 Nd7 5. Bd3 Ndf6 6. Ng5 h6 7. Nxf7 Kxf7 8.
Nf3 Nd7 9. Qe2 e6 10. Bc4 Qf6 11. Bg5 hxg5 12. Nxg5+ Ke8 13. Nxe6 Be7 14. Nc7+
Kd8 15. Ne6+ Ke8 1/2-1/2

[Event "Sombor open – Memorijal Dragana Milicevi"]
[Site "Sombor"]
[Date "2024.11.22"]
[Round "7.2"]
[White "Radovic, Perisa"]
[Black "Beslin, Igor"]
[Result "1-0"]
[WhiteElo "1975"]
[BlackElo "1934"]
[PlyCount "75"]
[EventDate "2024.11.08"]

1. b3 c5 2. Bb2 Nc6 3. e4 d6 4. Nf3 Nf6 5. e5 dxe5 6. Nxe5 Nxe5 7. Bxe5 e6 8.
d3 Bd6 9. Bb2 O-O 10. Be2 b6 11. Bf3 Rb8 12. O-O Bb7 13. Nc3 Qc7 14. h3 a6 15.
Re1 Rfe8 16. Bxb7 Qxb7 17. Qe2 Rbd8 18. Rad1 Bf8 19. Qe5 Bd6 20. Qg5 h6 21. Qh4
Qe7 22. Ne2 Nd5 23. Qg4 f5 24. Qf3 Qg5 25. d4 Nf6 26. dxc5 Bxc5 27. Bd4 Bxd4
28. Nxd4 Ne4 29. b4 Nd2 30. Qc6 Kh7 31. Rxe6 Rxe6 32. Nxe6 Qh5 33. Re1 Rg8 34.
Qd5 Re8 35. Qxd2 Qf7 36. Nf4 Rxe1+ 37. Qxe1 Qxa2 38. Qc3 1-0